| 000 | 00704cab a2200229 4500 | ||
|---|---|---|---|
| 001 | WB3145-24 | ||
| 008 | 090401t1995 xxu||||| |||| 00| 0 eng d | ||
| 035 | _a(Sirsi) u40727 | ||
| 041 | _aeng | ||
| 245 | _aPFI may smooth way on spending | ||
| 260 | _c1995 | ||
| 350 | _a0 | ||
| 490 |
_aTimes _v27 November 1995, 44(1) |
||
| 520 | _aThe use of the PFI to pay for capital investment could have a substantial effect on governments` public spending figures. | ||
| 650 | _aCAPITAL SPENDING BUDGET | ||
| 650 | _aGOVERNMENT | ||
| 650 | _aPRIVATE FINANCE INITIATIVE | ||
| 650 | _aPUBLIC SPENDING FIGURES | ||
| 690 | _aPROPERTY-PROPERTY FINANCE AND INVESTMENT | ||
| 942 | _n0 | ||
| 948 | _c04/03/1997 | ||
| 999 |
_c26100 _d26100 |
||